Quiz dla Debili - Statystyki

Ogólne statystyki
  • Ten quiz został rozwiązany 2 528 razy
  • Średni wynik to 7 z 10
Statystyki odpowiedzi
Zagadnienie Odpowiedź % Poprawnych
Jakie miasto jest stolicą Polski? Warszawa
82%
Jak ma na imię Mateusz Morawiecki Mateusz
78%
Jaki jest obecny Prezydent Polski? (2024) Andrzej Duda
77%
Czy Europa to Kraj? Nie
75%
W jakim Województwie Polski znajduje się Stolica? Mazowieckie
71%
Czy Polska to Partia Polityczna? Nie
66%
W jakim sojuszu wojskowym jest Polska? NATO
64%
Czy Warszawa to kraj? Nie, oczywiście
64%
Jakie miasta są Stolicami Województwa Lubuskiego? Zielona Góra i Gorzów Wielkopolski
51%
Ile jest Stanów w USA? (2024) 50
47%
Nie znaleziono quizów pasujących do podanych kryteriów
Rozkład punktacji
Procent ludzi z każdym wynikiem
Percentyl według liczby udzielonych odpowiedzi
Twoja historia wyników
Nie rozwiązałeś tego quizu